<?xml version="1.0" encoding="UTF-8"?>
<marc:record xmlns:marc="http://www.loc.gov/MARC21/slim">
   <marc:leader>00000nam a2200000 a 4500</marc:leader>
   <marc:datafield ind1="1" ind2=" " tag="100">
      <marc:subfield code="a">Koppelstätter, Lenz</marc:subfield>
      <marc:subfield code="4">ctb</marc:subfield>
      <marc:subfield code="e">Mitwirkende/-r</marc:subfield>
   </marc:datafield>
   <marc:datafield ind1="1" ind2=" " tag="100">
      <marc:subfield code="a">Völlenklee, Markus</marc:subfield>
      <marc:subfield code="4">ctb</marc:subfield>
      <marc:subfield code="e">Mitwirkende/-r</marc:subfield>
   </marc:datafield>
   <marc:datafield ind1="1" ind2=" " tag="100">
      <marc:subfield code="a">Krewer, Harald</marc:subfield>
      <marc:subfield code="4">ctb</marc:subfield>
      <marc:subfield code="e">Mitwirkende/-r</marc:subfield>
   </marc:datafield>
   <marc:datafield ind1=" " ind2=" " tag="653">
      <marc:subfield code="a">Kassette / Belletristik/Spannung</marc:subfield>
   </marc:datafield>
   <marc:datafield ind1=" " ind2=" " tag="653">
      <marc:subfield code="a">CD</marc:subfield>
   </marc:datafield>
   <marc:datafield ind1=" " ind2=" " tag="653">
      <marc:subfield code="a">Krimis</marc:subfield>
   </marc:datafield>
   <marc:datafield ind1=" " ind2=" " tag="653">
      <marc:subfield code="a">Thriller</marc:subfield>
   </marc:datafield>
   <marc:datafield ind1=" " ind2=" " tag="653">
      <marc:subfield code="a">Spionage</marc:subfield>
   </marc:datafield>
   <marc:datafield ind1="0" ind2="0" tag="245">
      <marc:subfield code="a">Markus Völlenklee liest Lenz Koppelstätter, Der Tote am Gletscher</marc:subfield>
   </marc:datafield>
   <marc:datafield ind1="0" ind2="0" tag="245">
      <marc:subfield code="b">ein Fall für Commissario Grauner</marc:subfield>
   </marc:datafield>
   <marc:datafield ind1="0" ind2="0" tag="245">
      <marc:subfield code="c">Koppelstätter, Lenz</marc:subfield>
   </marc:datafield>
   <marc:datafield ind1=" " ind2="1" tag="264">
      <marc:subfield code="a">Berlin</marc:subfield>
      <marc:subfield code="b">Argon-Verl.</marc:subfield>
      <marc:subfield code="c">2015</marc:subfield>
   </marc:datafield>
   <marc:datafield ind1="1" ind2=" " tag="520">
      <marc:subfield code="a">Angaben aus der Verlagsmeldung

Der Tote am Gletscher / von Lenz Koppelstetter

Alpenkulisse, italienisches Flair und ein raffinierter Fall - ein Muss für alle Südtirol-Fans

Nachts auf dem Gletscher, da gehört der Mensch nicht hin. Da sind nur die Geister der Toten und der Sturm und der Schnee. Trotzdem entdeckt Skipisten-Toni hoch oben im Dezember ein seltsames Licht - und wenig später die Leiche eines Einsiedlers. Mit einer Pfeilspitze in der Schulter. Ähnlich wie der weltberühmte Steinzeitmensch Ötzi, der Jahre zuvor fast am selben Ort gefunden wurde. Commissario Grauner, der an manchen Tagen lieber "Viechbauer" wäre, macht sich mit seinem jungen Kollegen Saltapepe aus Neapel an die Ermittlungen. Zwischen wortkargen Dorf-Bewohnern, glühweinseligen Touristen und den Machenschaften eines Skiliftunternehmers entwickelt sich ein hochspannender Fall, der weit in die Vergangenheit führt.

Gregor Bloéb mit der "Piefke-Saga" zu einem der bekanntesten Schauspieler Österreichs. Danach war er unter anderem an den großen Bühnen von München, Nürnberg und Wien zu sehen und leitete fünf Jahre lang den Theatersommer Haag. Darüber hinaus hat er mit Kino-Regisseuren wie Oskar Roehler, Til Schweiger und Uli Edel gearbeitet. Als waschechter Tiroler wird er im Hörbuch sowohl dem Eigenbrötler Grauner als auch seinem schneidigen italienischen Kollegen Saltapepe gerecht.
</marc:subfield>
   </marc:datafield>
   <marc:datafield ind1=" " ind2=" " tag="020">
      <marc:subfield code="a">9783839814260</marc:subfield>
      <marc:subfield code="9">9783839814260</marc:subfield>
   </marc:datafield>
   <marc:datafield ind1=" " ind2=" " tag="020">
      <marc:subfield code="a">383981426X</marc:subfield>
      <marc:subfield code="9">383981426X</marc:subfield>
   </marc:datafield>
   <marc:datafield ind1=" " ind2=" " tag="041">
      <marc:subfield code="a">ger</marc:subfield>
   </marc:datafield>
   <marc:datafield ind1=" " ind2=" " tag="300">
      <marc:subfield code="a">5 CDs (Gesamt 6 Std. 54 Min.)</marc:subfield>
   </marc:datafield>
</marc:record>
